000 00635cab a2200229 4500
001 ABS38637
008 090401t1987 xxu||||| |||| 00| 0 eng d
035 _a(Sirsi) u11647
041 _aeng
100 _aRoberts, J.
245 _aMarunouchi view
260 _c1987
350 _a0
490 _aProperty Director
_v2(4) Winter 1987, 48(1)
520 _aThis article looks at Central Tokyo where property values and rents are soaring due to rigid planning control and an anachronistic tax system.
650 _aASIA
650 _aCOMMERCIAL
650 _aJAPAN
690 _aOVERSEAS
942 _n0
948 _c04/03/1997
999 _c7432
_d7432